Tarbiya (Record no. 18765)

MARC details
000 -LEADER
fixed length control field 00659nam a2200241 a 4500
020 ## - INTERNATIONAL STANDARD BOOK NUMBER
ISBN
082 00 - DEWEY DECIMAL CLASSIFICATION NUMBER
Classification number 297.8
Author Cutter ROA
100 ## - MAIN ENTRY--AUTHOR NAME
Author name Roald, Anne Sofie
245 ## - TITLE STATEMENT
Title Tarbiya
Sub title Education and Politics in Islamic Movements in Jordan & Malaysia
260 ## - PUBLICATION, DISTRIBUTION, ETC. (IMPRINT)
Place of publication Lund
Name of publisher Lund University Sweden
Year of publication 1994
300 ## - PHYSICAL DESCRIPTION
Number of Pages 377p
500 ## - GENERAL NOTE
General note includes index and biblioraphy
505 2# - FORMATTED CONTENTS NOTE
Formatted contents note Terms, Appendix, Bibliography, Vol.3
650 ## - SUBJECT ADDED ENTRY--TOPICAL TERM
Topical Term Islam-Movements
942 ## - ADDED ENTRY ELEMENTS (KOHA)
Koha item type Books
700 1# -
-- Roald, Anne Sofie
Holdings
Collection code Home library Current library Date acquired Cost, normal purchase price Full call number Accession Number Koha item type
  Henry Martyn Institute Library Henry Martyn Institute Library 06/26/2007 100.00 297.8 ROA 11001370 Books
                   Copyright © 2026 | Henry Martyn Institute | Hyderabad | TS-500052 | INDIA | Implemented by hmi.edu.in
Hit-Count:

Powered by Koha